000
00273nam a22001337a 4500
008
170131b xxu||||| |||| 00| 0 eng d
020
_a
9781579479367
041
_a
eng
080
_a
61
100
_a
3
101
_a
SHMI
245
_a
CPT 2008
_c
BEEBE, M
942
_2
udc
_c
BK
999
_c
4040
_d
4040